Applied Mechanics (Record no. 10666)

MARC details
000 -LEADER
fixed length control field 00373nam a22001697a 4500
003 - CONTROL NUMBER IDENTIFIER
control field OSt
008 - FIXED-LENGTH DATA ELEMENTS--GENERAL INFORMATION
fixed length control field 210614b ||||| |||| 00| 0 eng d
020 ## - INTERNATIONAL STANDARD BOOK NUMBER
International Standard Book Number 9789350144060
082 ## - DEWEY DECIMAL CLASSIFICATION NUMBER
Classification number 620.1 UPA
100 ## - MAIN ENTRY--PERSONAL NAME
Personal name UPADHYAY,AK
245 ## - TITLE STATEMENT
Title Applied Mechanics
260 ## - PUBLICATION, DISTRIBUTION, ETC. (IMPRINT)
Place of publication, distribution, etc New Delhi
Name of publisher, distributor, etc Katson Books
Date of publication, distribution, etc 2020
300 ## - PHYSICAL DESCRIPTION
Extent 416
650 ## - SUBJECT ADDED ENTRY--TOPICAL TERM
Topical term or geographic name as entry element DE
942 ## - ADDED ENTRY ELEMENTS (KOHA)
Source of classification or shelving scheme Dewey Decimal Classification
Koha item type Text Books
250 ## - EDITION STATEMENT
-- 5th
650 ## - SUBJECT ADDED ENTRY--TOPICAL TERM
-- 3
Holdings
Withdrawn status Lost status Source of classification or shelving scheme Damaged status Not for loan Collection code Home library Current library Date acquired Source of acquisition Currency Cost, normal purchase price Bill Number Total Checkouts Full call number Acc. no. / Barcode Date last seen Date last borrowed Actual Cost, discounted price Bill Date Koha item type
    Dewey Decimal Classification     Diploma in Mechanical PIET C-LIBRARY PIET C-LIBRARY 15/04/2021 Kirti Praskshan IN Rupees 325.00 IN 2058 4 620.1 UPA DE1379 26/06/2023 09/06/2023 237.25 15/04/2021 Text Books
    Dewey Decimal Classification     Diploma in Mechanical PIET C-LIBRARY PIET C-LIBRARY 15/04/2021 Kirti Praskshan IN Rupees 325.00 IN 2058 5 620.1 UPA DE1380 10/07/2023 26/06/2023 237.25 15/04/2021 Text Books
    Dewey Decimal Classification     Diploma in Mechanical PIET C-LIBRARY PIET C-LIBRARY 15/04/2021 Kirti Praskshan IN Rupees 325.00 IN 2058 5 620.1 UPA DE1381 07/07/2023 23/06/2023 237.25 15/04/2021 Text Books
    Dewey Decimal Classification     Diploma in Mechanical PIET C-LIBRARY PIET C-LIBRARY 15/04/2021 Kirti Praskshan IN Rupees 325.00 IN 2058 5 620.1 UPA DE1382 06/07/2023 14/06/2023 237.25 15/04/2021 Text Books
    Dewey Decimal Classification     Diploma in Mechanical PIET C-LIBRARY PIET C-LIBRARY 15/04/2021 Kirti Praskshan IN Rupees 325.00 IN 2058 5 620.1 UPA DE1383 06/07/2023 03/07/2023 237.25 15/04/2021 Text Books

Design & Developed by: PIET Central Library
R70 Miles Stone Pattikalyana Samalkha Panipat 132102
mail ID :- [email protected], Phone No:- 0180-2569700 Ex.216